000 00424pab a2200169 454500
008 180718b1989 xxu||||| |||| 00| 0 eng d
100 _aReddy, B. Bhagavan
245 _aLabour - intensity of village industries - a case study
260 _c1989
300 _a27-30
362 _a16 Apr.
650 _aIndustry, Rural
700 _aP.Niranjan Reddy
700 _aS.V. Subba Reddy
773 _aYojana
909 _a10629
999 _c10629
_d10629